Resistance to diseases and pests in forest trees : (Record no. 6857)

MARC details
000 -LEADER
fixed length control field 01009nam a22002657a 4500
001 - CONTROL NUMBER
control field BD-DhSAU 6857
003 - CONTROL NUMBER IDENTIFIER
control field BD-DhSAU
005 - DATE AND TIME OF LATEST TRANSACTION
control field 20150513183859.0
008 - FIXED-LENGTH DATA ELEMENTS--GENERAL INFORMATION
fixed length control field 150513b1990 ii a|||| |||| 001 0 eng d
020 ## - INTERNATIONAL STANDARD BOOK NUMBER
International Standard Book Number 8170891248
040 ## - CATALOGING SOURCE
Original cataloging agency BD-DhSAU
082 ## - DEWEY DECIMAL CLASSIFICATION NUMBER
Edition number 22
Classification number 632.3
Item number RES
245 ## - TITLE STATEMENT
Title Resistance to diseases and pests in forest trees :
Remainder of title proceedings of the third International Workshop on the Genetics of Host-Parasite Interactions in Forestry, Wageningen, the Netherlands, 14-21 September 1980 /
Statement of responsibility, etc. Edited by H. M. Heybroek, B. R. Stephan, K. von Weissenberg
260 ## - PUBLICATION, DISTRIBUTION, ETC. (IMPRINT)
Place of publication, distribution, etc. Dehra Dun, India :
Name of publisher, distributor, etc. International Book Distributors ,
Date of publication, distribution, etc. c1990.
300 ## - PHYSICAL DESCRIPTION
Extent xi, 503 p. :
Other physical details ill. ;
Dimensions 25 cm.
504 ## - BIBLIOGRAPHY, ETC. NOTE
Bibliography, etc Includes bibliographical references & index.
590 ## - Name of Cataloguer
Name of Cataloger Jerin
650 ## - SUBJECT ADDED ENTRY--TOPICAL TERM
Topical term or geographic name as entry element Entomology
650 ## - SUBJECT ADDED ENTRY--TOPICAL TERM
Topical term or geographic name as entry element Trees -- Diseases and pests
650 ## - SUBJECT ADDED ENTRY--TOPICAL TERM
Topical term or geographic name as entry element forest trees
650 ## - SUBJECT ADDED ENTRY--TOPICAL TERM
Topical term or geographic name as entry element Forest protection -- Congresses.
700 ## - ADDED ENTRY--PERSONAL NAME
Personal name Heybroek, H. M.
700 ## - ADDED ENTRY--PERSONAL NAME
Personal name Stephan, B. R.
700 ## - ADDED ENTRY--PERSONAL NAME
Personal name Weissenberg, K. von
942 ## - ADDED ENTRY ELEMENTS (KOHA)
Source of classification or shelving scheme Dewey Decimal Classification
Koha item type Book
Holdings
Withdrawn status Lost status Source of classification or shelving scheme Damaged status Not for loan Collection code Home library Branch Name Shelving location Date acquired Total Checkouts Full call number Barcode Date last seen Price effective from Koha item type
    Dewey Decimal Classification   Not For Loan Reference SAU Library SAU Library Reference 25/06/1992   632.3 RES 20953 13/05/2015 13/05/2015 Book